Statistics for Football players who have played for Chelsea and Atletico Madrid

Click here to take the quiz!

General Stats

  • This quiz has been taken 1,884 times
    (265 since last reset)
  • The average score is 7 of 14

Answer Stats

Years at ChelseaYears at AtleticoPlayer% Correct
2011-20182011-2014 (loan)Thibaut Courtois
76%
2014-20172010-2014,2018-2020Diego Costa
74%
2023 (loan)2019-presentJoao Felix
74%
2017-20192019 (loan),2019-presentAlvaro Morata
72%
2012-20232023-presentCesar Azpilicueta
70%
2021-2022 (loan)2012-presentSaul Niguez
65%
2011-20152001-2007,2015-2016 (loan),2016-2018Fernando Torres
62%
2014-20152010-2014,2015-2019Filipe Luis
55%
2015-2016 (loan)2011-2013Radamel Falcao
41%
2004-20052010-2011 (loan),2011-2017Tiago Mendes
26%
2000-20041999-2000Jimmy Floyd Hasselbaink
14%
2006 (loan)2006-2009Maniche
9%
2004-20052005-2006Mateja Kežman
9%
2000-20042005Jesper Gronkjaer
5%

Score Distribution

Percentile by Number Answered

Percent of People with Each Score

Your Score History

You have not taken this quiz since the last reset